[Event "36th Balaton Open A 2018"]
[Site "Balatonlelle"]
[Date "2018.06.15"]
[Round "4"]
[White "Kincs, Imre"]
[Black "Metaxasz, Vaszilisz"]
[Result "1-0"]
[WhiteElo "2210"]
[BlackElo "2047"]
[Annotator "NA"]
[PlyCount "55"]
[EventDate "2018.06.12"]
[EventType "swiss"]
[EventCountry "HUN"]
[SourceTitle "playchess.com"]
[Source "ChessBase"]
[SourceQuality "1"]
[TimeControl "40/5400+30:1800+30"]

1. e4 {[%emt 0:04:14]} c5 {[%emt 0:01:12]} 2. Nf3 {[%emt 0:00:10]} d6 {[%emt 0:01:49]} 3. d4 {[%emt 0:00:06]} cxd4 {[%emt 0:00:06]} 4. Nxd4 {[%emt 0:00:01]} Nf6 {[%emt 0:00:36]} 5. Nc3 {[%emt 0:00:02]} a6 {[%emt 0:00:16]} 6. Bg5 {[%emt 0:00:19]} Nbd7 {[%emt 0:01:09]} 7. a4 {[%emt 0:01:40]} g6 {[%emt 0:04:32]} 8. Be2 {[%emt 0:01:24]} Bg7 {[%emt 0:00:12]} 9. h4 {[%emt 0:01:54]} Nc5 {[%emt 0:12:31]} 10. Bf3 {[%emt 0:01:27]} h5 {[%emt 0:05:08]} 11. Qd2 {[%emt 0:02:47]} Rb8 {[%emt 0:00:33]} 12. O-O {[%emt 0:01:00]} Ne6 {[%emt 0:01:54]} 13. Be3 {[%emt 0:04:18]} O-O {[%emt 0:02:23]} 14. a5 {[%emt 0:00:15]} Bd7 {[%emt 0:06:09]} 15. Nde2 {[%emt 0:00:34]} Bc6 {[%emt 0:00:40]} 16. Bb6 {[%emt 0:00:39]} Qe8 {[%emt 0:03:16]} 17. g3 {[%emt 0:05:53]} Nd7 {[%emt 0:00:57]} 18. Bg2 {[%emt 0:01:06]} Nxb6 {[%emt 0:00:10]} 19. axb6 {[%emt 0:00:01]} Qd8 {[%emt 0:01:09]} 20. Qe3 {[%emt 0:00:29]} Nc5 {[%emt 0:00:44]} 21. b4 {[%emt 0:02:46]} Nd7 {[%emt 0:00:37]} 22. b5 {[%emt 0:00:11]} axb5 {[%emt 0:03:26]} 23. Rab1 {[%emt 0:00:10]} Nxb6 {[%emt 0:01:57]} 24. Nxb5 {[%emt 0:00:41]} Nc4 {[%emt 0:01:15]} 25. Qc1 {[%emt 0:02:08]} Qa5 {[%emt 0:05:25]} 26. Nbd4 {[%emt 0:00:27]} Qc5 {[%emt 0:02:45]} 27. Rd1 {[%emt 0:01:49]} Kh7 {[%emt 0:00:24]} 28. Qg5 1-0

[Event "36th Balaton Open A 2018"]
[Site "Balatonlelle"]
[Date "2018.06.15"]
[Round "4"]
[White "Atkins, Rita"]
[Black "Nagy, Ervin Dr"]
[Result "1/2-1/2"]
[WhiteElo "2071"]
[BlackElo "2172"]
[Annotator "TA"]
[PlyCount "66"]
[EventDate "2018.06.12"]
[EventType "swiss"]
[EventCountry "HUN"]
[SourceTitle "playchess.com"]
[Source "ChessBase"]
[SourceQuality "1"]

{[%evp 16,66,19,0,0,0,0,0,0,0,4,5,0,9,45,42,71,43,104,101,112,82,77,66,52,61,110,95,95,108,150,60,62,63,67,61,70,49,95,95,96,95,95,94,100,40,48,0,73,0,0,0,0]} 1. d4 d5 2. Bf4 Nf6 3. e3 g6 4. Nf3 Bg7 5. Be2 O-O 6. O-O c5 7. c3 b6 {D02: Damenbauernspiele} (7... Nc6 8. Nbd2 Nd7 9. Qb3 c4 10. Qa3 b5 11. e4 Nb6 12. Qc5 dxe4 13. Nxe4 Qd5 14. Qxd5 Nxd5 15. Bg3 {1-0 (76) Artemiev,V (2691)-Ding,L (2777) Huaian 2017}) 8. Nbd2 {[%cal Bb1d2,Bd2f3,Bf3e5][%mdl 32]} Bb7 9. Ne5 {LiveBook: 4 Partien} Nfd7 10. Ndf3 Nxe5 $146 ({Vorgänger:} 10... Nc6 11. Nxc6 Bxc6 12. b4 Re8 13. a4 a5 14. b5 Bb7 {0-1 (62) Kaps,D (2196)-Stetsko,L (2254) Heraklio 2017}) 11. Nxe5 e6 12. a4 f6 13. Nd3 c4 14. Nb4 $36 {[%mdl 2048] Weiss hat Initiative.} a5 15. Nc2 Qd7 16. e4 dxe4 (16... Na6 $14) 17. Bxc4 $16 Ba6 18. Bxa6 Nxa6 19. Qe2 e5 20. dxe5 fxe5 21. Be3 Qd3 22. Rfe1 Rab8 23. Rad1 (23. Na3 $16) 23... Qxe2 $14 24. Rxe2 Rfc8 25. Na3 Bf8 $1 {Droht ...Lxa3.} 26. Nb5 Nc5 27. Bxc5 $1 Bxc5 28. Rxe4 Rf8 29. Re2 ({Viel schwächer wäre} 29. Rxe5 $6 Bxf2+ 30. Kh1 Rbd8 $11) 29... Rbd8 30. Rxd8 (30. Rdd2 $16) 30... Rxd8 31. Kf1 Rd1+ 32. Re1 Rd2 33. Re2 Rd1+ {Precision: Weiß = 50%, Schwarz = 53%.} 1/2-1/2

[Event "36th Balaton Open A 2018"]
[Site "Balatonlelle"]
[Date "2018.06.15"]
[Round "4"]
[White "Vukovic, Ivo"]
[Black "Boguszlavszkij, Jevgenyij"]
[Result "0-1"]
[WhiteElo "2031"]
[BlackElo "2170"]
[Annotator "TA"]
[PlyCount "104"]
[EventDate "2018.06.12"]
[EventType "swiss"]
[EventCountry "HUN"]
[SourceTitle "playchess.com"]
[Source "ChessBase"]
[SourceQuality "1"]

{[%evp 13,104,0,0,-13,0,-33,8,0,0,0,19,-12,-10,-2,-3,-29,18,0,-1,-8,17,7,1,0,0,0,0,-22,-12,-17,-14,-31,-11,-13,-11,-21,-18,-18,-20,-21,-23,-76,-43,-52,-2,-13,-21,-14,4,6,16,0,0,0,0,0,0,0,0,-10,-9,-21,-7,-8,-8,-28,0,0,0,0,0,0,0,-93,-88,-173,-182,-191,-92,-217,-195,-201,-168,-200,-202,-347,-342,-338,-260,-272,-256,-307,-308]} 1. Nf3 g6 2. g3 Bg7 3. Bg2 e5 4. d3 Ne7 5. c4 (5. O-O O-O 6. e4 d6 7. c3 a5 8. a4 Na6 9. Re1 Bg4 10. h3 Bd7 11. d4 exd4 12. cxd4 Nb4 13. Nc3 d5 14. e5 Bf5 {½-½ (86) Vajda,L (2588)-Yu,Y (2743) Antalya 2017}) 5... d5 6. cxd5 {A04: Unusual lines after 1 Nf3 and King's Indian Attack} Nxd5 7. O-O Nc6 {LiveBook: 8 Games} 8. a3 {The position is equal.} O-O 9. Qc2 h6 10. Nc3 Nde7 11. b4 a5 $146 {Threatens to win with ...e4.} ({Predecessor:} 11... Be6 12. e3 a6 13. Bb2 Qd7 14. Na4 b6 15. Rac1 Bh3 16. Rfd1 Bxg2 17. Kxg2 {0-1 (38) Lima,F-Lima,D (2475) Brasilia 1997}) 12. Rb1 axb4 13. axb4 Nd4 14. Qd1 Rb8 (14... Bg4 {is interesting.} 15. Nd2 Qc8 16. Nc4 Rd8 17. b5 Bh3) 15. e3 Nxf3+ 16. Bxf3 Kh7 17. Qc2 Bf5 18. Rd1 Qd7 19. Ba3 Rfd8 {[%cal Rf5d3]} 20. Be2 Ra8 21. Ra1 Bg4 22. Qb3 Be6 23. Qc2 f5 24. Bb2 Nc6 25. Ba3 Qf7 {And now ...Bb3 would win.} 26. Re1 Bf8 27. b5 (27. Qb2 $11) 27... Rxa3 28. bxc6 bxc6 29. Rxa3 Bxa3 30. Qa4 Bb2 (30... Bd6 {feels hotter.} 31. Qxc6 Rb8 32. Nb5 Bb4 33. Rb1 Bd5) 31. Qxc6 Qd7 (31... Rd6 {is more complex.} 32. Qc5 Qd7 33. Qa5 Qc6 34. Na4 Ba3) 32. Qxd7+ Rxd7 33. Na4 Ba3 34. Ra1 Bf8 35. Rc1 Bd5 36. f4 exf4 37. gxf4 Bd6 38. Kf2 g5 39. Nc5 Rg7 40. Bf3 Bg8 41. fxg5 hxg5 42. h3 Re7 {Black wants to play ...Rxe3!} 43. d4 {[#]} (43. Nb7 $11 {remains equal.}) 43... Rxe3 $1 $17 {[%mdl 512]} 44. Na6 (44. Kxe3 $17 Bf4+ 45. Kd3 Bxc1 46. d5) 44... Re7 $19 45. Nb8 Bf4 (45... Kg7 $19 {is more deadly.} 46. Rc2 Kf6) 46. Rd1 (46. Rc5 $17) 46... Kg6 47. Nc6 Re3 {[#] ...Rxf3+! is the strong threat.} 48. d5 Kf6 49. Bg2 (49. d6 {was called for.} cxd6 50. Nb4) 49... Ra3 {Black has a decisive advantage.} 50. Kf1 Bg3 51. Nd4 Ra2 52. Ne2 Be5 {Precision: White = 43%, Black = 63%.} 0-1

[Event "36th Balaton Open A 2018"]
[Site "Balatonlelle"]
[Date "2018.06.15"]
[Round "4"]
[White "Trajber, Daniel"]
[Black "Gaal, Ede"]
[Result "1-0"]
[WhiteElo "2022"]
[BlackElo "2141"]
[Annotator "NA"]
[PlyCount "73"]
[EventDate "2018.06.12"]
[EventType "swiss"]
[EventCountry "HUN"]
[SourceTitle "playchess.com"]
[Source "ChessBase"]
[SourceQuality "1"]
[TimeControl "40/5400+30:1800+30"]

1. e4 {[%emt 0:11:34]} d5 {[%emt 0:01:39]} 2. exd5 {[%emt 0:00:08]} Nf6 {[%emt 0:00:07]} 3. d4 {[%emt 0:00:17]} Bg4 {[%emt 0:00:19]} 4. f3 {[%emt 0:00:40]} Bf5 {[%emt 0:00:10]} 5. Bb5+ {[%emt 0:00:34]} Nbd7 {[%emt 0:04:19]} 6. c4 {[%emt 0:02:07]} a6 {[%emt 0:00:29]} 7. Bxd7+ {[%emt 0:02:02]} Bxd7 {[%emt 0:02:04]} 8. Ne2 {[%emt 0:00:46]} b5 {[%emt 0:00:17]} 9. b3 {[%emt 0:02:07]} g6 {[%emt 0:07:26]} 10. O-O {[%emt 0:02:25]} Bg7 {[%emt 0:00:06]} 11. Nbc3 {[%emt 0:02:07]} O-O {[%emt 0:00:32]} 12. Bg5 {[%emt 0:03:38]} Re8 {[%emt 0:00:33]} 13. Rc1 {[%emt 0:02:02]} Rb8 {[%emt 0:01:03]} 14. Qd2 {[%emt 0:05:34]} bxc4 {[%emt 0:06:01]} 15. bxc4 {[%emt 0:00:59]} Rb4 {[%emt 0:01:38]} 16. Ne4 {[%emt 0:04:52]} Qb8 {[%emt 0:01:21]} 17. Nc5 {[%emt 0:05:19]} Bc8 {[%emt 0:00:19]} 18. Nd3 {[%emt 0:02:07]} Rb6 {[%emt 0:01:56]} 19. c5 {[%emt 0:06:13]} Rb7 {[%emt 0:01:02]} 20. Nc3 {[%emt 0:04:04]} e6 {[%emt 0:01:03]} 21. Bxf6 {[%emt 0:02:27]} Bxf6 {[%emt 0:00:13]} 22. Qf4 {[%emt 0:00:01]} Bg7 {[%emt 0:01:17]} 23. Ne5 {[%emt 0:04:06]} f6 {[%emt 0:11:34]} 24. Nc6 {[%emt 0:01:54]} Qa8 {[%emt 0:00:07]} 25. d6 {[%emt 0:02:51]} cxd6 {[%emt 0:02:35]} 26. cxd6 {[%emt 0:00:46]} Bd7 {[%emt 0:09:01]} 27. Ne7+ {[%emt 0:01:30]} Kf7 {[%emt 0:03:43]} 28. Ne4 {[%emt 0:01:35]} Qb8 {[%emt 0:12:08]} 29. Ng5+ {[%emt 0:01:39]} Kf8 {[%emt 0:00:05]} 30. Nxh7+ {[%emt 0:00:46]} Kf7 {[%emt 0:00:01]} 31. Ng5+ {[%emt 0:00:47]} Kf8 {[%emt 0:00:02]} 32. Nxg6+ {[%emt 0:00:20]} Kg8 {[%emt 0:00:06]} 33. Ne4 {[%emt 0:00:48]} Bb5 {[%emt 0:07:39]} 34. Nxf6+ {[%emt 0:01:41]} Bxf6 {[%emt 0:00:22]} 35. Qxf6 {[%emt 0:00:04]} Bxf1 {[%emt 0:00:54]} 36. Qh8+ {[%emt 0:00:15]} Kf7 37. Ne5# 1-0

[Event "36th Balaton Open A 2018"]
[Site "Balatonlelle"]
[Date "2018.06.15"]
[Round "4"]
[White "Tancsa, Tamas"]
[Black "Hogea, Calin"]
[Result "1-0"]
[WhiteElo "1965"]
[BlackElo "2112"]
[Annotator "NA"]
[PlyCount "28"]
[EventDate "2018.06.12"]
[EventType "swiss"]
[EventCountry "HUN"]
[SourceTitle "playchess.com"]
[Source "ChessBase"]
[SourceQuality "1"]
[TimeControl "40/5400+30:1800+30"]

1. e4 {[%emt 0:00:03]} e5 {[%emt 0:02:45]} 2. Nf3 {[%emt 0:00:33]} Qe7 {[%emt 0:00:05]} 3. Bc4 {[%emt 0:00:57]} d6 {[%emt 0:00:20]} 4. O-O {[%emt 0:00:33]} g6 {[%emt 0:00:42]} 5. d4 {[%emt 0:00:49]} c6 {[%emt 0:00:25]} 6. Ng5 {[%emt 0:05:35]} Nh6 {[%emt 0:03:29]} 7. f4 {[%emt 0:01:12]} f6 {[%emt 0:01:05]} 8. Nf3 {[%emt 0:00:27]} Bg7 {[%emt 0:15:38]} 9. fxe5 {[%emt 0:07:15]} dxe5 {[%emt 0:00:17]} 10. dxe5 {[%emt 0:01:06]} fxe5 {[%emt 0:04:40]} 11. Bg5 {[%emt 0:01:15]} Bf6 {[%emt 0:12:01]} 12. Bxf6 {[%emt 0:04:57]} Qxf6 {[%emt 0:00:06]} 13. Qd2 {[%emt 0:00:26]} Ng4 {[%emt 0:05:21]} 14. Ng5 {[%emt 0:00:39]} Qd8 1-0

[Event "36th Balaton Open A 2018"]
[Site "Balatonlelle"]
[Date "2018.06.15"]
[Round "4"]
[White "Kaibinger, Karoly"]
[Black "Suta, Andraz"]
[Result "0-1"]
[WhiteElo "1804"]
[BlackElo "2239"]
[Annotator "NA"]
[PlyCount "84"]
[EventDate "2018.06.12"]
[EventType "swiss"]
[EventCountry "HUN"]
[SourceTitle "playchess.com"]
[Source "ChessBase"]
[SourceQuality "1"]
[TimeControl "40/5400+30:1800+30"]

1. e4 {[%emt 0:00:09]} e5 {[%emt 0:00:40]} 2. Nf3 {[%emt 0:00:17]} Nc6 {[%emt 0:00:04]} 3. Bb5 {[%emt 0:00:31]} a6 {[%emt 0:00:46]} 4. Ba4 {[%emt 0:00:10]} Nf6 {[%emt 0:00:31]} 5. O-O {[%emt 0:00:42]} Be7 {[%emt 0:01:03]} 6. Re1 {[%emt 0:00:28]} b5 {[%emt 0:00:17]} 7. Bb3 {[%emt 0:00:14]} d6 {[%emt 0:00:39]} 8. c3 {[%emt 0:00:31]} O-O {[%emt 0:00:07]} 9. h3 {[%emt 0:03:29]} Na5 {[%emt 0:01:57]} 10. Bc2 {[%emt 0:00:18]} c5 {[%emt 0:00:10]} 11. d4 {[%emt 0:00:41]} Qc7 {[%emt 0:04:50]} 12. Nbd2 {[%emt 0:00:56]} cxd4 {[%emt 0:01:21]} 13. cxd4 {[%emt 0:00:17]} Bb7 {[%emt 0:00:13]} 14. Nf1 {[%emt 0:05:54]} Rac8 {[%emt 0:00:41]} 15. Bb1 {[%emt 0:04:11]} d5 {[%emt 0:20:14]} 16. Ng3 {[%emt 0:04:09]} dxe4 {[%emt 0:16:25]} 17. Nxe5 {[%emt 0:11:45]} Rfd8 {[%emt 0:06:40]} 18. Nf5 {[%emt 0:10:19]} Nc6 {[%emt 0:05:46]} 19. Bf4 {[%emt 0:09:17]} Nxe5 {[%emt 0:01:12]} 20. Nxe7+ {[%emt 0:03:32]} Qxe7 {[%emt 0:01:14]} 21. Bxe5 {[%emt 0:00:42]} h6 {[%emt 0:03:09]} 22. Qe2 {[%emt 0:06:30]} Qe6 {[%emt 0:04:11]} 23. Qe3 {[%emt 0:24:43]} Re8 {[%emt 0:04:53]} 24. Qg3 {[%emt 0:01:56]} Nh5 {[%emt 0:02:57]} 25. Qh4 {[%emt 0:01:33]} Nf6 {[%emt 0:00:18]} 26. Qg3 {[%emt 0:00:36]} Nh5 {[%emt 0:15:51]} 27. Qh4 {[%emt 0:00:51]} Qg6 {[%emt 0:03:56]} 28. f3 {[%emt 0:05:39]} f6 {[%emt 0:00:05]} 29. Bh2 {[%emt 0:00:38]} f5 {[%emt 0:00:04]} 30. fxe4 {[%emt 0:01:22]} Nf6 {[%emt 0:00:07]} 31. Be5 {[%emt 0:00:39]} Bxe4 {[%emt 0:02:20]} 32. Bxe4 {[%emt 0:00:20]} Nxe4 {[%emt 0:00:05]} 33. Rac1 {[%emt 0:00:28]} Ng5 {[%emt 0:00:58]} 34. Qg3 {[%emt 0:00:29]} Qf7 {[%emt 0:01:48]} 35. Rf1 {[%emt 0:00:49]} Ne4 {[%emt 0:00:16]} 36. Qe3 {[%emt 0:00:15]} Qd7 {[%emt 0:00:29]} 37. g4 {[%emt 0:00:18]} Rxc1 {[%emt 0:00:15]} 38. Rxc1 {[%emt 0:00:07]} Ng5 {[%emt 0:01:11]} 39. Qd3 {[%emt 0:01:33]} Rxe5 {[%emt 0:00:55]} 40. Qb3+ {[%emt 0:00:00]} Re6 {[%emt 0:00:27]} 41. Re1 {[%emt 0:00:17]} Qxd4+ {[%emt 0:02:30]} 42. Kf1 {[%emt 0:00:54]} Qc4+ {Rc1} 0-1

[Event "36th Balaton Open A 2018"]
[Site "Balatonlelle"]
[Date "2018.06.15"]
[Round "4"]
[White "Farkas, Otto Jr"]
[Black "Leszko, Bence"]
[Result "0-1"]
[WhiteElo "1744"]
[BlackElo "2096"]
[Annotator "NA"]
[PlyCount "68"]
[EventDate "2018.06.12"]
[EventType "swiss"]
[EventCountry "HUN"]
[SourceTitle "playchess.com"]
[Source "ChessBase"]
[SourceQuality "1"]
[TimeControl "40/5400+30:1800+30"]

1. e4 {[%emt 0:01:06]} c5 {[%emt 0:00:42]} 2. Nf3 {[%emt 0:00:07]} e6 {[%emt 0:00:06]} 3. d4 {[%emt 0:00:05]} cxd4 {[%emt 0:00:02]} 4. Nxd4 {[%emt 0:00:11]} a6 {[%emt 0:00:02]} 5. Bd3 {[%emt 0:00:08]} g6 {[%emt 0:00:05]} 6. O-O {[%emt 0:05:48]} Bg7 {[%emt 0:00:10]} 7. c3 {[%emt 0:01:53]} Ne7 {[%emt 0:02:11]} 8. Re1 {[%emt 0:00:48]} Nbc6 {[%emt 0:00:33]} 9. Bf1 {[%emt 0:00:38]} O-O {[%emt 0:00:33]} 10. Be3 {[%emt 0:00:09]} Qc7 {[%emt 0:01:17]} 11. Qd2 {[%emt 0:11:18]} d5 {[%emt 0:02:19]} 12. Nxc6 {[%emt 0:16:36]} Qxc6 {[%emt 0:01:32]} 13. Bd4 {[%emt 0:04:43]} e5 {[%emt 0:02:31]} 14. exd5 {[%emt 0:04:14]} Qd6 {[%emt 0:03:35]} 15. Be3 {[%emt 0:01:35]} Qxd5 {[%emt 0:00:28]} 16. Na3 {[%emt 0:02:09]} Qc6 {[%emt 0:01:59]} 17. Rad1 {[%emt 0:01:20]} Nf5 {[%emt 0:01:36]} 18. Nc4 {[%emt 0:02:16]} Be6 {[%emt 0:02:14]} 19. b3 {[%emt 0:05:56]} b5 {[%emt 0:02:04]} 20. Na5 {[%emt 0:04:59]} Qc7 {[%emt 0:00:36]} 21. b4 {[%emt 0:00:13]} Nxe3 {[%emt 0:00:44]} 22. fxe3 {[%emt 0:01:13]} Rfd8 {[%emt 0:00:34]} 23. Qc2 {[%emt 0:00:31]} Rxd1 {[%emt 0:06:25]} 24. Rxd1 {[%emt 0:00:10]} Rc8 {[%emt 0:00:01]} 25. c4 {[%emt 0:05:42]} bxc4 {[%emt 0:00:15]} 26. Rc1 {[%emt 0:02:15]} Qb6 {[%emt 0:01:56]} 27. Qd2 {[%emt 0:01:51]} Bh6 {[%emt 0:00:57]} 28. Kf2 {[%emt 0:00:27]} Rd8 {[%emt 0:00:28]} 29. Qc3 {[%emt 0:01:09]} Rd3 {[%emt 0:09:30]} 30. Bxd3 {[%emt 0:05:57]} Qxe3+ {[%emt 0:00:16]} 31. Kf1 {[%emt 0:00:04]} cxd3 {[%emt 0:00:51]} 32. Re1 {[%emt 0:01:25]} Qf4+ {[%emt 0:00:10]} 33. Kg1 {[%emt 0:00:05]} d2 {[%emt 0:00:14]} 34. Rd1 {[%emt 0:00:56]} Bg4 {[%emt 0:00:27]} 0-1

[Event "36th Balaton Open A 2018"]
[Site "Balatonlelle"]
[Date "2018.06.16"]
[Round "5"]
[White "Czebe, Attila"]
[Black "Varga, Zoltan"]
[Result "1/2-1/2"]
[WhiteElo "2419"]
[BlackElo "2470"]
[Annotator "TA"]
[PlyCount "34"]
[EventDate "2018.06.12"]
[EventType "swiss"]
[EventCountry "HUN"]
[SourceTitle "playchess.com"]
[Source "ChessBase"]
[SourceQuality "1"]

{[%evp 15,34,16,7,0,0,0,1,-15,0,-4,-20,-26,-13,-36,-33,-49,-42,-97,-89,-91,-82]} 1. e4 c6 2. d4 d5 3. e5 Bf5 4. Nf3 e6 5. Be2 h6 6. O-O Nd7 7. c4 dxc4 {B12: Caro-Kann: Advance Variation} 8. Bxc4 Nb6 {LiveBook: 3 Games} (8... Ne7 9. Nc3 Nb6 10. Bb3 Ned5 11. Re1 Be7 12. Ne4 O-O 13. Ng3 Bg6 14. Bc2 Qe8 15. h4 {½-½ (45) Lavrov,M (2369)-Bocharov,D (2574) Minsk 2017}) 9. Be2 Ne7 {The position is equal.} 10. Nc3 Ned5 11. Be3 Be7 12. h3 $146 ({Predecessor:} 12. Bd3 Bxd3 13. Qxd3 O-O 14. Rfd1 Nxe3 15. fxe3 {½-½ (45) Sang,T (2302)-Koons,N (2262) Seattle 2014}) 12... O-O 13. Re1 Qd7 14. Bf1 Rfd8 $36 {[%mdl 2048] Black is more active.} 15. a3 Rac8 16. Nd2 (16. Nxd5 $15 Qxd5 17. Bd3) 16... Nxc3 17. bxc3 c5 {Precision: White = 20%, Black = 59%.} 1/2-1/2

[Event "36th Balaton Open A 2018"]
[Site "Balatonlelle"]
[Date "2018.06.16"]
[Round "5"]
[White "Haszon, David"]
[Black "Trajber, Daniel"]
[Result "1-0"]
[WhiteElo "2246"]
[BlackElo "2022"]
[Annotator "NA"]
[PlyCount "47"]
[EventDate "2018.06.12"]
[EventType "swiss"]
[EventCountry "HUN"]
[SourceTitle "playchess.com"]
[Source "ChessBase"]
[SourceQuality "1"]
[TimeControl "40/5400+30:1800+30"]

1. e4 {[%emt 0:08:02]} c5 {[%emt 0:00:44]} 2. Nf3 {[%emt 0:00:07]} e6 {[%emt 0:00:33]} 3. b3 {[%emt 0:00:19]} Nf6 {[%emt 0:01:24]} 4. Nc3 {[%emt 0:04:50]} Nc6 {[%emt 0:03:13]} 5. Bb2 {[%emt 0:00:35]} a6 {[%emt 0:02:16]} 6. e5 {[%emt 0:05:11]} Ng4 {[%emt 0:03:27]} 7. Qe2 {[%emt 0:01:24]} Qc7 {[%emt 0:02:13]} 8. O-O-O {[%emt 0:00:47]} Be7 {[%emt 0:04:29]} 9. Re1 {[%emt 0:05:31]} h5 {[%emt 0:09:09]} 10. h3 {[%emt 0:01:41]} Nh6 {[%emt 0:01:51]} 11. g4 {[%emt 0:03:47]} h4 {[%emt 0:06:58]} 12. Ne4 {[%emt 0:09:28]} Qa5 {[%emt 0:08:55]} 13. Kb1 {[%emt 0:04:24]} O-O {[%emt 0:05:24]} 14. Nf6+ {[%emt 0:09:13]} gxf6 {[%emt 0:14:42]} 15. Qe3 {[%emt 0:01:27]} fxe5 {[%emt 0:09:27]} 16. Qxh6 {[%emt 0:00:57]} Nb4 {[%emt 0:05:05]} 17. Rxe5 {[%emt 0:01:56]} Qxa2+ {[%emt 0:03:11]} 18. Kc1 {[%emt 0:00:10]} f5 {[%emt 0:03:18]} 19. Qg6+ {[%emt 0:00:52]} Kh8 {[%emt 0:00:08]} 20. Rxf5+ {[%emt 0:02:12]} Qxb2+ {[%emt 0:00:31]} 21. Kxb2 {[%emt 0:00:09]} exf5 {[%emt 0:00:09]} 22. gxf5 {[%emt 0:05:22]} Bf6+ {[%emt 0:01:36]} 23. Kb1 {[%emt 0:00:10]} d5 {[%emt 0:03:06]} 24. Qh5+ {[%emt 0:00:40]} 1-0

[Event "36th Balaton Open A 2018"]
[Site "Balatonlelle"]
[Date "2018.06.16"]
[Round "5"]
[White "Terbe, Julianna"]
[Black "Nagy, Daniel"]
[Result "1/2-1/2"]
[WhiteElo "2242"]
[BlackElo "2312"]
[Annotator "NA"]
[PlyCount "70"]
[EventDate "2018.06.12"]
[EventType "swiss"]
[EventCountry "HUN"]
[SourceTitle "playchess.com"]
[Source "ChessBase"]
[SourceQuality "1"]
[TimeControl "40/5400+30:1800+30"]

1. e4 {[%emt 0:00:05]} c6 {[%emt 0:01:02]} 2. d4 {[%emt 0:00:13]} d5 {[%emt 0:00:05]} 3. Nc3 {[%emt 0:00:08]} dxe4 {[%emt 0:00:07]} 4. Nxe4 {[%emt 0:00:07]} Nd7 {[%emt 0:00:05]} 5. Nf3 {[%emt 0:00:27]} Ngf6 {[%emt 0:00:07]} 6. Nxf6+ {[%emt 0:00:24]} Nxf6 {[%emt 0:00:07]} 7. c3 {[%emt 0:00:05]} Bg4 {[%emt 0:01:51]} 8. h3 {[%emt 0:00:22]} Bh5 {[%emt 0:00:47]} 9. g4 {[%emt 0:00:19]} Bg6 {[%emt 0:00:24]} 10. Ne5 {[%emt 0:00:07]} Nd7 {[%emt 0:04:44]} 11. Nxg6 {[%emt 0:00:58]} hxg6 {[%emt 0:00:08]} 12. d5 {[%emt 0:00:35]} Nb6 {[%emt 0:26:50]} 13. dxc6 {[%emt 0:04:03]} Qxd1+ {[%emt 0:00:18]} 14. Kxd1 {[%emt 0:00:04]} bxc6 {[%emt 0:00:38]} 15. Kc2 {[%emt 0:03:24]} e6 {[%emt 0:06:17]} 16. Bg2 {[%emt 0:05:30]} Rc8 {[%emt 0:01:55]} 17. Be3 {[%emt 0:01:59]} Bd6 {[%emt 0:01:30]} 18. Rad1 {[%emt 0:14:18]} Ke7 {[%emt 0:01:23]} 19. Rd3 {[%emt 0:05:27]} Rc7 {[%emt 0:14:16]} 20. Rhd1 {[%emt 0:02:33]} Nd5 {[%emt 0:00:52]} 21. a3 {[%emt 0:05:14]} Nxe3+ {[%emt 0:01:57]} 22. fxe3 {[%emt 0:00:05]} Be5 {[%emt 0:02:47]} 23. b4 {[%emt 0:07:59]} Rb8 {[%emt 0:09:09]} 24. a4 {[%emt 0:06:42]} g5 {[%emt 0:03:05]} 25. Rb1 {[%emt 0:03:38]} Bd6 {[%emt 0:05:35]} 26. b5 {[%emt 0:09:45]} cxb5 {[%emt 0:00:19]} 27. axb5 {[%emt 0:00:05]} Bc5 {[%emt 0:00:31]} 28. Bc6 {[%emt 0:02:32]} Rd8 {[%emt 0:01:20]} 29. Rxd8 {[%emt 0:02:04]} Kxd8 {[%emt 0:00:01]} 30. Kd3 {[%emt 0:02:14]} Ke7 {[%emt 0:00:25]} 31. Re1 {[%emt 0:00:17]} Kf6 {[%emt 0:04:19]} 32. Kc4 {[%emt 0:02:51]} Bd6 {[%emt 0:00:54]} 33. Kd4 {[%emt 0:00:51]} Be5+ {[%emt 0:01:03]} 34. Kd3 {[%emt 0:00:06]} Bd6 {[%emt 0:01:55]} 35. c4 {[%emt 0:00:08]} Ke5 {[%emt 0:00:47] Ke4+} 1/2-1/2

[Event "36th Balaton Open A 2018"]
[Site "Balatonlelle"]
[Date "2018.06.16"]
[Round "5"]
[White "Suta, Andraz"]
[Black "Chandratreya Prachiti"]
[Result "1-0"]
[WhiteElo "2239"]
[BlackElo "1729"]
[Annotator "NA"]
[PlyCount "79"]
[EventDate "2018.06.12"]
[EventType "swiss"]
[EventCountry "HUN"]
[SourceTitle "playchess.com"]
[Source "ChessBase"]
[SourceQuality "1"]
[TimeControl "40/5400+30:1800+30"]

1. e4 {[%emt 0:00:05]} e6 {[%emt 0:00:37]} 2. d4 {[%emt 0:00:27]} d5 {[%emt 0:00:10]} 3. e5 {[%emt 0:00:09]} c5 {[%emt 0:00:07]} 4. c3 {[%emt 0:00:03]} Qb6 {[%emt 0:00:08]} 5. Nf3 {[%emt 0:00:06]} Nc6 {[%emt 0:00:08]} 6. a3 {[%emt 0:00:09]} Nh6 {[%emt 0:00:12]} 7. b4 {[%emt 0:04:47]} cxd4 {[%emt 0:00:22]} 8. cxd4 {[%emt 0:00:33]} Nf5 {[%emt 0:00:16]} 9. Bb2 {[%emt 0:00:39]} Bd7 {[%emt 0:01:02]} 10. g4 {[%emt 0:07:34]} Nfe7 {[%emt 0:00:39]} 11. Bc1 {[%emt 0:02:43]} h5 {[%emt 0:13:21]} 12. g5 {[%emt 0:05:04]} Nf5 {[%emt 0:04:29]} 13. Be3 {[%emt 0:00:09]} Rc8 {[%emt 0:06:00]} 14. Bh3 {[%emt 0:05:38]} Nce7 {[%emt 0:03:53]} 15. O-O {[%emt 0:01:25]} g6 {[%emt 0:06:45]} 16. Qd2 {[%emt 0:01:14]} Bg7 {[%emt 0:01:36]} 17. Nc3 {[%emt 0:05:20]} O-O {[%emt 0:01:03]} 18. Rfc1 {[%emt 0:02:03]} Rc7 {[%emt 0:03:31]} 19. Bf1 {[%emt 0:01:23]} Rfc8 {[%emt 0:02:30]} 20. Bd3 {[%emt 0:03:11]} Bf8 {[%emt 0:04:17]} 21. h4 {[%emt 0:08:12]} a6 {[%emt 0:12:22]} 22. Rab1 {[%emt 0:19:02]} Be8 {[%emt 0:05:59]} 23. Kh2 {[%emt 0:11:42]} Ng7 {[%emt 0:04:32]} 24. Kh3 {[%emt 0:02:50]} Nef5 {[%emt 0:00:43]} 25. Qb2 {[%emt 0:02:58]} Qa7 {[%emt 0:02:47]} 26. Rc2 {[%emt 0:06:20]} Kh8 {[%emt 0:02:56]} 27. Rbc1 {[%emt 0:00:25]} Qb6 {[%emt 0:00:23]} 28. Qb3 {[%emt 0:02:17]} Bc6 {[%emt 0:02:04]} 29. Qb2 {[%emt 0:02:27]} Be8 {[%emt 0:00:15]} 30. Nd2 {[%emt 0:02:51]} Bb5 {[%emt 0:05:26]} 31. Nxb5 {[%emt 0:00:43]} Rxc2 {[%emt 0:00:21]} 32. Rxc2 {[%emt 0:00:08]} Rxc2 {[%emt 0:00:06]} 33. Qxc2 {[%emt 0:00:05]} axb5 {[%emt 0:00:05]} 34. Qc8 {[%emt 0:01:25]} Kg8 {[%emt 0:00:28]} 35. Nb3 {[%emt 0:01:44]} Qa7 {[%emt 0:02:54]} 36. Bc1 {[%emt 0:01:24]} Nxd4 {[%emt 0:04:49]} 37. Nc5 {[%emt 0:00:12]} Nb3 {[%emt 0:10:01]} 38. Nd7 {[%emt 0:00:16]} Qxf2 {[%emt 0:01:13]} 39. Qxf8+ {[%emt 0:00:19]} Kh7 {[%emt 0:00:05]} 40. Nf6+ {[%emt 0:00:00]} 1-0